<?xml version="1.0" encoding="UTF-8"?>
<record
    xmlns:xsi="http://www.w3.org/2001/XMLSchema-instance"
    xsi:schemaLocation="http://www.loc.gov/MARC21/slim http://www.loc.gov/standards/marcxml/schema/MARC21slim.xsd"
    xmlns="http://www.loc.gov/MARC21/slim">

  <leader>01203nam a22002657a 4500</leader>
  <controlfield tag="003">NALT</controlfield>
  <controlfield tag="005">20260305103241.0</controlfield>
  <controlfield tag="008">      s2551    th                  tha d</controlfield>
  <datafield tag="020" ind1=" " ind2=" ">
    <subfield code="a">9789741102938</subfield>
  </datafield>
  <datafield tag="040" ind1=" " ind2=" ">
    <subfield code="a">NALT</subfield>
  </datafield>
  <datafield tag="041" ind1=" " ind2=" ">
    <subfield code="a">tha</subfield>
  </datafield>
  <datafield tag="090" ind1=" " ind2=" ">
    <subfield code="a">KS 13</subfield>
    <subfield code="b">&#xE1A;522&#xE01; 2551</subfield>
  </datafield>
  <datafield tag="100" ind1="0" ind2=" ">
    <subfield code="a">&#xE1A;&#xE38;&#xE0D;&#xE40;&#xE1E;&#xE23;&#xE32;&#xE30; &#xE41;&#xE2A;&#xE07;&#xE40;&#xE17;&#xE35;&#xE22;&#xE19;</subfield>
    <subfield code="9">49532</subfield>
  </datafield>
  <datafield tag="245" ind1="1" ind2="0">
    <subfield code="a">&#xE01;&#xE0E;&#xE2B;&#xE21;&#xE32;&#xE22;&#xE2D;&#xE32;&#xE0D;&#xE32; 2 &#xE20;&#xE32;&#xE04;&#xE04;&#xE27;&#xE32;&#xE21;&#xE1C;&#xE34;&#xE14;&#xE41;&#xE19;&#xE27;&#xE1B;&#xE23;&#xE30;&#xE22;&#xE38;&#xE01;&#xE15;&#xE4C; /</subfield>
    <subfield code="c">&#xE1A;&#xE38;&#xE0D;&#xE40;&#xE1E;&#xE23;&#xE32;&#xE30; &#xE41;&#xE2A;&#xE07;&#xE40;&#xE17;&#xE35;&#xE22;&#xE19;</subfield>
  </datafield>
  <datafield tag="260" ind1=" " ind2=" ">
    <subfield code="a">&#xE01;&#xE23;&#xE38;&#xE07;&#xE40;&#xE17;&#xE1E;&#xE2F; : </subfield>
    <subfield code="b">&#xE27;&#xE34;&#xE17;&#xE22;&#xE1E;&#xE31;&#xE12;&#xE19;&#xE4C;, </subfield>
    <subfield code="c">2551.</subfield>
  </datafield>
  <datafield tag="300" ind1=" " ind2=" ">
    <subfield code="a">487 &#xE2B;&#xE19;&#xE49;&#xE32; ;</subfield>
    <subfield code="c">26 &#xE0B;&#xE21;.</subfield>
  </datafield>
  <datafield tag="650" ind1=" " ind2="4">
    <subfield code="a">&#xE04;&#xE27;&#xE32;&#xE21;&#xE23;&#xE31;&#xE1A;&#xE1C;&#xE34;&#xE14;&#xE17;&#xE32;&#xE07;&#xE2D;&#xE32;&#xE0D;&#xE32;</subfield>
    <subfield code="x">&#xE04;&#xE33;&#xE1E;&#xE34;&#xE1E;&#xE32;&#xE01;&#xE29;&#xE32;</subfield>
    <subfield code="9">51399</subfield>
  </datafield>
  <datafield tag="650" ind1=" " ind2="4">
    <subfield code="a">&#xE04;&#xE27;&#xE32;&#xE21;&#xE23;&#xE31;&#xE1A;&#xE1C;&#xE34;&#xE14;&#xE17;&#xE32;&#xE07;&#xE2D;&#xE32;&#xE0D;&#xE32;</subfield>
    <subfield code="x">&#xE04;&#xE33;&#xE16;&#xE32;&#xE21;&#xE41;&#xE25;&#xE30;&#xE04;&#xE33;&#xE15;&#xE2D;&#xE1A;</subfield>
    <subfield code="9">28801</subfield>
  </datafield>
  <datafield tag="650" ind1=" " ind2="4">
    <subfield code="a">&#xE01;&#xE0E;&#xE2B;&#xE21;&#xE32;&#xE22;&#xE2D;&#xE32;&#xE0D;&#xE32;</subfield>
    <subfield code="9">49366</subfield>
  </datafield>
  <datafield tag="653" ind1=" " ind2="4">
    <subfield code="a">&#xE04;&#xE27;&#xE32;&#xE21;&#xE1C;&#xE34;&#xE14;&#xE17;&#xE32;&#xE07;&#xE2D;&#xE32;&#xE0D;&#xE32; -- &#xE04;&#xE33;&#xE1E;&#xE34;&#xE1E;&#xE32;&#xE01;&#xE29;&#xE32;</subfield>
  </datafield>
  <datafield tag="653" ind1=" " ind2="4">
    <subfield code="a">&#xE04;&#xE27;&#xE32;&#xE21;&#xE1C;&#xE34;&#xE14;&#xE17;&#xE32;&#xE07;&#xE2D;&#xE32;&#xE0D;&#xE32; -- &#xE04;&#xE33;&#xE16;&#xE32;&#xE21;&#xE41;&#xE25;&#xE30;&#xE04;&#xE33;&#xE15;&#xE2D;&#xE1A;</subfield>
  </datafield>
  <datafield tag="850" ind1=" " ind2=" ">
    <subfield code="a">NALT</subfield>
  </datafield>
  <datafield tag="856" ind1="4" ind2="0">
    <subfield code="u">https://hdl.handle.net/20.500.14156/460758</subfield>
  </datafield>
  <datafield tag="942" ind1=" " ind2=" ">
    <subfield code="c">LB</subfield>
    <subfield code="2">local</subfield>
  </datafield>
  <datafield tag="999" ind1=" " ind2=" ">
    <subfield code="c">58399</subfield>
    <subfield code="d">58399</subfield>
  </datafield>
  <datafield tag="998" ind1=" " ind2=" ">
    <subfield code="j">104</subfield>
    <subfield code="k"> &#xE19;&#xE32;&#xE07;&#xE2A;&#xE32;&#xE27;&#xE2A;&#xE32;&#xE22;&#xE1D;&#xE19;  &#xE14;&#xE35;&#xE07;&#xE32;&#xE21;</subfield>
  </datafield>
  <datafield tag="952" ind1=" " ind2=" ">
    <subfield code="0">0</subfield>
    <subfield code="1">0</subfield>
    <subfield code="2">local</subfield>
    <subfield code="4">0</subfield>
    <subfield code="7">0</subfield>
    <subfield code="8">CLAW</subfield>
    <subfield code="a">NALT</subfield>
    <subfield code="b">NALT</subfield>
    <subfield code="c">LAW</subfield>
    <subfield code="e">&#xE08;&#xE31;&#xE14;&#xE0B;&#xE37;&#xE49;&#xE2D;&#xE17;&#xE23;&#xE31;&#xE1E;&#xE22;&#xE32;&#xE01;&#xE23;</subfield>
    <subfield code="l">0</subfield>
    <subfield code="o">KS 13 &#xE1A;522&#xE01; 2551</subfield>
    <subfield code="p">3961176958</subfield>
    <subfield code="r">2017-06-09 00:00:00</subfield>
    <subfield code="w">2017-06-09</subfield>
    <subfield code="y">LB</subfield>
  </datafield>
</record>
